| 000 | 00763nam a22001817a 4500 | ||
|---|---|---|---|
| 999 |
_c9053 _d9053 |
||
| 003 | AR-CdUCM | ||
| 008 | 190327b ||||| |||| 00| 0 spa d | ||
| 040 |
_aMUNICIPALIDAD PROVINCIAL DEL CUSCO _cBIBLIOTECA MUNICIPAL DEL CUSCO |
||
| 082 |
_a614.49 / _bH25 |
||
| 100 |
_aHarant, Hervé _925024 |
||
| 245 | _aLas epidemias / | ||
| 260 |
_aBarcelona : _bIndustrias gráficas Garcia, _c1971. |
||
| 300 |
_a123 paginas ; _c17 cm. |
||
| 505 | _aContenido :Los agentes patógenos --Modos de contaminación --Los cómplices vivientes --Los cómplices vivientes continuación --Los comparsas cotidianos --El organismo humano ante la agresión --La lucha contra las enfermedades transmisibles / | ||
| 650 |
_aEpidemiología _925025 |
||
| 942 |
_2ddc _cLIBROS |
||
| 945 | _arjall | ||